Every Jetpunk Badge - Statistics

General Stats
  • This quiz has been taken 3 times
  • The average score is 20 of 34
Answer Stats
Answer % Correct
196
100%
Germany
100%
Greece
100%
Italy
100%
USA
100%
Welcome
100%
British
67%
China
67%
France
67%
Generalissimo
67%
History
67%
Language
67%
Movie Maven
67%
Multiple Choice City Quiz
67%
Random Geography
67%
Satellite
67%
Scientist
67%
Spain
67%
Video Games
67%
Words
67%
World Capitals
67%
Africa
33%
Border
33%
Cities
33%
Country Trivia
33%
Flag
33%
Island
33%
Math Wizard
33%
Music
33%
One Minute
33%
Picture
33%
Population
33%
Puzzle
33%
U.S. State Trivia
33%
No matching quizzes found
Score Distribution
Percent of People with Each Score
Percentile by Number Answered
Your Score History
You have not taken this quiz